[Programa de un festival]

Síntesis: es un cartel alusivo a la obra que presentó la "Congregación Mariana de Jóvenes de Guadalupe" como acto de solidaridad hacia los católicos que sufren las consecuencias del gobierno de Calles. La obra consisitió en dramatizar la actitud del presidente de la república como algunos de sus col...

وصف كامل

محفوظ في:
التفاصيل البيبلوغرافية
مؤلف مشترك: Congregación Mariana de Jóvenes de Guadalupe
التنسيق: كتاب
الموضوعات:
الوسوم: إضافة وسم
لا توجد وسوم, كن أول من يضع وسما على هذه التسجيلة!

MARC

LEADER 00000nam^a2200000^a^4500
001 000250603
005 20250526000000.0
009 20260310105818.074
035 |a R01604 
037 |a Acervo Xavier Clavigero 
082 |a 9.  |b CON 
110 |a Congregación Mariana de Jóvenes de Guadalupe. 
245 1 0 |a [Programa de un festival] 
264 |a S.L. :  |b Destinatario: Público en general. 
300 |a 1 foja, impreso, 20.8 X 48.5 cms. 
336 |a texto  |b txt  |2 rdacontenido 
337 |a sin mediación  |b n  |2 rdamedio 
338 |a volumen  |b nc  |2 rdasoporte 
520 |a Síntesis: es un cartel alusivo a la obra que presentó la "Congregación Mariana de Jóvenes de Guadalupe" como acto de solidaridad hacia los católicos que sufren las consecuencias del gobierno de Calles. La obra consisitió en dramatizar la actitud del presidente de la república como algunos de sus colaboradores, así mismo de sacerdotes católicos y laicos. 
598 |a Cartel. 
598 |a Fechas que cita el documento: agosto 26. 
649 |a XX 
650 |a Guerra Cristera 
650 |a * Propaganda. 
650 |a * Elsa 
650 |a * Jorge 
650 |a * García, Aparicio 
650 |a * Weber, Pedro. 
910 |a Fondo Jesús Gómez Fregoso S.J. FXC 
920 |a Impresos - Documentos 
930 |a Libros Antiguos y Raros 
940 |a Guerra Cristera 
905 |a 110 
901 |a R01604  |b IT2  |c LRA  |i R01604  |u 20250526 
902 |a https://opac.biblio.iteso.mx/vufind/Record/000250603